Military industry and regional defence policy : (Record no. 14687)

000 -LEADER
fixed length control field 01447cam a22003494a 4500
001 - CONTROL NUMBER
control field 14236803
003 - CONTROL NUMBER IDENTIFIER
control field OSt
005 - DATE AND TIME OF LATEST TRANSACTION
control field 20170105102902.0
008 - FIXED-LENGTH DATA ELEMENTS--GENERAL INFORMATION
fixed length control field 060120s2007 enk b 001 0 eng
010 ## - LIBRARY OF CONGRESS CONTROL NUMBER
LC control number 2006002171
020 ## - INTERNATIONAL STANDARD BOOK NUMBER
International Standard Book Number 071465714X (hardback)
020 ## - INTERNATIONAL STANDARD BOOK NUMBER
International Standard Book Number 9780714657141 (hardback)
035 ## - SYSTEM CONTROL NUMBER
System control number (OCoLC)ocm63125960
035 ## - SYSTEM CONTROL NUMBER
System control number (OCoLC)63125960
Canceled/invalid control number (OCoLC)79412878
040 ## - CATALOGING SOURCE
Original cataloging agency DLC
Transcribing agency DLC
Modifying agency BAKER
-- YDXCP
-- OCLCQ
-- C#P
-- BTCTA
-- DLC
043 ## - GEOGRAPHIC AREA CODE
Geographic area code n-us---
050 00 - LIBRARY OF CONGRESS CALL NUMBER
Classification number UF533
Item number .M57 2007
082 00 - DEWEY DECIMAL CLASSIFICATION NUMBER
Classification number 338.4735
Author Mark HOY 2007
100 1# - MAIN ENTRY--PERSONAL NAME
Personal name Hoyt, Timothy D.,
Dates associated with a name 1960-
245 10 - TITLE STATEMENT
Title Military industry and regional defence policy :
Remainder of title India, Iraq, and Israel /
Statement of responsibility, etc. Timothy D. Hoyt.
260 ## - PUBLICATION, DISTRIBUTION, ETC.
Place of publication, distribution, etc. London ;
-- New York :
Name of publisher, distributor, etc. Routledge,
Date of publication, distribution, etc. 2007.
300 ## - PHYSICAL DESCRIPTION
Extent xv, 292 p. ;
Dimensions 25 cm.
440 #0 - SERIES STATEMENT/ADDED ENTRY--TITLE
Title Cass military studies
504 ## - BIBLIOGRAPHY, ETC. NOTE
Bibliography, etc. note Includes bibliographical references (p. [268]-282) and index.
650 #0 - SUBJECT ADDED ENTRY--TOPICAL TERM
Topical term or geographic name entry element Defense industries
Geographic subdivision United States.
651 #0 - SUBJECT ADDED ENTRY--GEOGRAPHIC NAME
Geographic name United States
General subdivision Military policy.
856 41 - ELECTRONIC LOCATION AND ACCESS
Materials specified Table of contents only
Uniform Resource Identifier <a href="http://www.loc.gov/catdir/toc/ecip067/2006002171.html">http://www.loc.gov/catdir/toc/ecip067/2006002171.html</a>
856 42 - ELECTRONIC LOCATION AND ACCESS
Materials specified Publisher description
Uniform Resource Identifier <a href="http://www.loc.gov/catdir/enhancements/fy0654/2006002171-d.html">http://www.loc.gov/catdir/enhancements/fy0654/2006002171-d.html</a>
906 ## - LOCAL DATA ELEMENT F, LDF (RLIN)
a 7
b cbc
c orignew
d 1
e ecip
f 20
g y-gencatlg
942 ## - ADDED ENTRY ELEMENTS (KOHA)
Source of classification or shelving scheme
Koha item type Book
Holdings
Withdrawn status Lost status Damaged status Not for loan Collection code Permanent Location Current Location Shelving location Date acquired Total Checkouts Full call number Barcode Date last seen Price effective from Koha item type
          Centre for International Peace & Stability (CIPS) Centre for International Peace & Stability (CIPS) General Stacks 09/16/2013   338.4735 HOY 2007 CIPS0001059 10/11/2013 10/11/2013 Book
© 2023 Central Library, National University of Sciences and Technology. All Rights Reserved.